Lesotho City Quiz - Statistics

General Stats
  • This quiz has been taken 11 times
  • The average score is 2 of 5
Answer Stats
City % Correct
Maseru
100%
Hlotse
33%
Maputsoe
33%
Mafeteng
22%
Mohale's Hoek
22%
No matching quizzes found
Score Distribution
Percent of People with Each Score
Percentile by Number Answered
Your Score History
You have not taken this quiz